Normal view
MARC view
Entry Uniform Title
001 - CONTROL NUMBER
- control field: 26141
003 - CONTROL NUMBER IDENTIFIER
- control field: dpl
005 - DATE AND TIME OF LATEST TRANSACTION
- control field: 20110222141834.0
008 - FIXED-LENGTH DATA ELEMENTS
- fixed length control field: 110222|||a|||||| | ||| d
040 ## - CATALOGING SOURCE
- Original cataloging agency: dpl
- Transcribing agency: dpl
130 ## - HEADING--UNIFORM TITLE
- Uniform title: Tales for all time
670 ## - SOURCE DATA FOUND
- Source citation: Work cat.: (dpl)50435: Princess and the Pea, (201?)
670 ## - SOURCE DATA FOUND
- Source citation: Work cat.: (dpl)50435: Princess and the Pea, (201?)
